Marcatori dell'Inghilterra ai Mondiali - Russia 2018 - Statistics

Statistiche generali
  • Questo quiz è stato fatto 13 volte
  • Il punteggio medio è 8 su 12
Statistiche sulle risposte
Partita Minuto Marcatore % Corretto
Tunisia - Inghilterra 1-2 11' Harry Kane
100%
Tunisia - Inghilterra 1-2 91' Harry Kane
100%
Inghilterra - Panama 6-1 22' Harry Kane
100%
Inghilterra - Panama 6-1 46' Harry Kane
100%
Inghilterra - Panama 6-1 62' Harry Kane
100%
Colombia - Inghilterra 4-5 (d.c.r.) 57' Harry Kane
100%
Svezia - Inghilterra 0-2 30' Harry Maguire
58%
Croazia - Inghilterra 2-1 (d.t.s.) 5' Kieran Trippier
50%
Svezia - Inghilterra 0-2 59' Dele Alli
42%
Inghilterra - Panama 6-1 8' John Stones
33%
Inghilterra - Panama 6-1 40' John Stones
33%
Inghilterra - Panama 6-1 36' Jesse Lingard
25%
Nessun quiz corrispondente trovato
Distribuzione punteggi
Percentuale di utenti per punteggio
Percentile per numero di risposta
I tuoi punteggi nel tempo
Non hai fatto questo quiz